| 000 | 00348cam a2200145ua 4500 | ||
|---|---|---|---|
| 041 |
_aeng _h |
||
| 082 |
_a620 _bTIM/EN |
||
| 100 | _aTimings, Roger . | ||
| 245 |
_aEngineering fundamentals / _cRoger Timings. _hTextual Documents |
||
| 260 |
_aoxford : _bNewnes , _c2002. |
||
| 300 | _a416 ; . | ||
| 504 | _a | ||
| 942 | _cBK | ||
| 999 |
_c13158 _d13158 |
||